[Event "Tirol Landesliga 2223"]
[Site "Austria"]
[Date "2022.11.26"]
[Round "3.5"]
[White "Wurzer, Gerhard"]
[Black "Wetscher, Wolfgang"]
[Result "0-1"]
[WhiteElo "1898"]
[BlackElo "1891"]
[PlyCount "56"]
[EventDate "2022.10.01"]
[EventType "team-tourn"]
[EventRounds "9"]
[EventCountry "AUT"]
[SourceTitle "EXT 2024"]
[Source "ChessBase"]
[SourceDate "2023.10.10"]
[SourceVersion "1"]
[SourceVersionDate "2023.10.10"]
[SourceQuality "1"]
[WhiteTeam "Hall/Mils"]
[BlackTeam "Absam"]
[WhiteTeamCountry "AUT"]
[BlackTeamCountry "AUT"]

1. e4 c6 2. Nf3 Qc7 3. Bc4 d6 4. d4 h6 5. h3 e5 6. dxe5 dxe5 7. Qe2 Nf6 8. 0-0 b5 9. Bd3 Nbd7 10. Nbd2 Be7 11. Re1 Nc5 12. Nb3 Ne6 13. Be3 a5 14. Nfd2 Nf4 15. Bxf4 exf4 16. Nf3 Rg8 17. Kh2 Be6 18. Nbd2 h5 19. a4 Ng4+ 20. hxg4 hxg4 21. axb5 g3+ 22. fxg3 Rh8+ 23. Nh4 Bxh4 24. gxh4 Rxh4+ 25. Kg1 Qb6+ 26. Qf2 Rh1+ 27. Kxh1 Qxf2 28. Nf3 Ke7 0-1

[Event "AUT-ch Vor4 Internet"]
[Site "Playchess.com INT"]
[Date "2020.04.25"]
[Round "8"]
[White "Wurzer, Gerhard"]
[Black "Kraus, Christian"]
[Result "1/2-1/2"]
[WhiteElo "1889"]
[BlackElo "1892"]
[PlyCount "77"]
[EventDate "2020.04.25"]
[EventType "swiss (blitz)"]
[EventRounds "9"]
[EventCountry "AUT"]
[SourceTitle "EXT 2021"]
[Source "ChessBase"]
[SourceDate "2020.10.23"]
[SourceVersion "1"]
[SourceVersionDate "2020.10.23"]
[SourceQuality "1"]

1. c3 c5 2. Qc2 d5 3. d3 Nc6 4. e4 Nf6 5. Nf3 e5 6. Be2 Bg4 7. Nbd2 Be7 8. Nf1 0-0 9. Ng3 Re8 10. 0-0 c4 11. dxc4 dxe4 12. Nxe4 Nxe4 13. Qxe4 Be6 14. Nxe5 Bd6 15. Nxc6 bxc6 16. Bd3 g6 17. Qf3 Qc7 18. h3 Rad8 19. Bh6 Qb8 20. b3 Be5 21. Rac1 c5 22. Rfe1 Rd7 23. Bb1 Red8 24. Qe2 Bg7 25. Bxg7 Kxg7 26. Red1 Rxd1+ 27. Rxd1 Rxd1+ 28. Qxd1 Qe5 29. Qd2 h5 30. Bd3 g5 31. Be2 g4 32. hxg4 hxg4 33. Qe3 Qxe3 34. fxe3 Kf6 35. Kf2 a5 36. Kg3 Kg5 37. Bd3 f5 38. Bc2 Bd7 39. Bd3 1/2-1/2

[Event "AUT-ch Vor3 Internet"]
[Site "Playchess.com INT"]
[Date "2020.04.17"]
[Round "3"]
[White "Huber, Guenter"]
[Black "Wurzer, Gerhard"]
[Result "1-0"]
[WhiteElo "1979"]
[BlackElo "1889"]
[PlyCount "129"]
[EventDate "2020.04.17"]
[EventType "swiss (blitz)"]
[EventRounds "9"]
[EventCountry "AUT"]
[SourceTitle "CBM 195 Extra"]
[Source "ChessBase"]
[SourceDate "2020.05.31"]
[SourceVersion "1"]
[SourceVersionDate "2020.05.31"]
[SourceQuality "1"]

1. c4 c6 2. g3 Qc7 3. Bg2 d6 4. e4 e5 5. Ne2 Nf6 6. 0-0 Be7 7. d3 Nbd7 8. Nbc3 Nf8 9. h3 Ng6 10. Be3 0-0 11. Rc1 Bd7 12. f4 exf4 13. gxf4 a5 14. Ng3 Qc8 15. Kh2 Nh4 16. Qd2 Nxg2 17. Qxg2 Kh8 18. f5 Qc7 19. Rg1 Rg8 20. d4 c5 21. Nd5 Nxd5 22. cxd5 b6 23. Qf3 f6 24. dxc5 dxc5 25. Bf4 Bd6 26. Ne2 Be5 27. b3 Qd6 28. Rg4 Raf8 29. Rcg1 Rf7 30. Kh1 g5 31. Bxe5 Qxe5 32. Qc3 Re8 33. Qxe5 Rxe5 34. h4 h6 35. hxg5 hxg5 36. R1g2 Rh7+ 37. Kg1 Kg7 38. Ng3 Be8 39. Rh2 Rxh2 40. Kxh2 Bf7 41. Kg2 Kh6 42. Kf2 Bh5 43. Nxh5 Kxh5 44. Rg2 g4 45. Ke3 Kg5 46. Rd2 Re8 47. d6 Rd8 48. d7 b5 49. a3 c4 50. bxc4 bxc4 51. Rd4 c3 52. Kd3 c2 53. Kxc2 Kf4 54. Kd2 Kf3 55. Ke1 g3 56. Kf1 Ke3 57. Rd6 Kf3 58. e5 fxe5 59. f6 g2+ 60. Kg1 Rh8 61. Rd3+ Ke4 62. Rg3 Rd8 63. Rg7 Kf5 64. f7 Rxd7 65. f8Q+ 1-0

[Event "AUT-ch Vor3 Internet"]
[Site "Playchess.com INT"]
[Date "2020.04.17"]
[Round "8"]
[White "Rosol, Alexander"]
[Black "Wurzer, Gerhard"]
[Result "1-0"]
[WhiteElo "1933"]
[BlackElo "1889"]
[PlyCount "69"]
[EventDate "2020.04.17"]
[EventType "swiss (blitz)"]
[EventRounds "9"]
[EventCountry "AUT"]
[SourceTitle "CBM 195 Extra"]
[Source "ChessBase"]
[SourceDate "2020.05.31"]
[SourceVersion "1"]
[SourceVersionDate "2020.05.31"]
[SourceQuality "1"]

1. e4 c6 2. d4 d6 3. Nf3 Qc7 4. Bc4 e6 5. 0-0 Nf6 6. Nc3 e5 7. dxe5 dxe5 8. Bg5 Be7 9. Qe2 Nbd7 10. Rad1 0-0 11. a4 Re8 12. h3 Nf8 13. Bxf6 Bxf6 14. Rd3 Be6 15. Bxe6 Nxe6 16. Rfd1 Nf4 17. Qe3 Nxd3 18. cxd3 Red8 19. Ng5 Rd7 20. Qg3 Rad8 21. Qh4 Bxg5 22. Qxg5 Rxd3 23. Rxd3 Rxd3 24. Ne2 Qd6 25. Ng3 Qf6 26. Qg4 Rd8 27. h4 Qg6 28. Qf3 f6 29. Nf5 Qf7 30. h5 g6 31. Nh6+ Kg7 32. Nxf7 Kxf7 33. hxg6+ hxg6 34. Qb3+ Ke7 35. Qxb7+ 1-0

[Event "AUT-ch Vor2 Internet"]
[Site "Playchess.com INT"]
[Date "2020.04.13"]
[Round "9"]
[White "Hessenberger, Andreas"]
[Black "Wurzer, Gerhard"]
[Result "1/2-1/2"]
[WhiteElo "2019"]
[BlackElo "1889"]
[PlyCount "121"]
[EventDate "2020.04.13"]
[EventType "swiss (blitz)"]
[EventRounds "9"]
[EventCountry "AUT"]
[SourceTitle "CBM 195 Extra"]
[Source "ChessBase"]
[SourceDate "2020.05.31"]
[SourceVersion "1"]
[SourceVersionDate "2020.05.31"]
[SourceQuality "1"]

1. e4 c6 2. d4 d6 3. Bd3 Qc7 4. Ne2 e5 5. 0-0 Nf6 6. c3 Be7 7. h3 Nbd7 8. f4 exf4 9. Bxf4 Nf8 10. e5 Nd5 11. e6 Nxe6 12. Bh2 0-0 13. Rf3 Qb6 14. Qc2 Nf6 15. Nd2 Qd8 16. Raf1 d5 17. Ng3 Bd6 18. Nf5 Bxh2+ 19. Kxh2 Ng5 20. Rg3 Bxf5 21. Rxf5 Nge4 22. Nxe4 Nxe4 23. Bxe4 dxe4 24. Qxe4 g6 25. Re5 Qd6 26. Qf4 f6 27. Re4 Qxf4 28. Rxf4 Rae8 29. Rgf3 Kg7 30. Rf2 Re3 31. g4 h6 32. Kg2 Re6 33. h4 Rfe8 34. g5 hxg5 35. hxg5 f5 36. R4f3 Re4 37. Rg3 Re2 38. Kf3 Rxf2+ 39. Kxf2 Re4 40. Re3 Rxe3 41. Kxe3 Kf7 42. Kf4 Ke6 43. c4 a6 44. a4 a5 45. b3 b6 46. Ke3 Kd6 47. Kd3 c5 48. d5 Ke5 49. Ke3 Kd6 50. Kf4 Kd7 51. Ke5 Kc7 52. Kf4 Kd6 53. Kf3 Ke5 54. Ke3 Kd6 55. Kf4 Kd7 56. Ke5 Ke7 57. Kf4 Kd6 58. Kf3 Ke7 59. Ke2 Kd6 60. Kd3 Ke5 61. Ke3 1/2-1/2

[Event "AUT-ch Vor2 Internet"]
[Site "Playchess.com INT"]
[Date "2020.04.13"]
[Round "1"]
[White "Meglitsch, Konstantin"]
[Black "Wurzer, Gerhard"]
[Result "1-0"]
[WhiteElo "2041"]
[BlackElo "1889"]
[PlyCount "63"]
[EventDate "2020.04.13"]
[EventType "swiss (blitz)"]
[EventRounds "9"]
[EventCountry "AUT"]
[SourceTitle "CBM 195 Extra"]
[Source "ChessBase"]
[SourceDate "2020.05.31"]
[SourceVersion "1"]
[SourceVersionDate "2020.05.31"]
[SourceQuality "1"]

1. e4 c6 2. d4 Qc7 3. Nf3 d6 4. Bc4 e6 5. 0-0 Be7 6. a4 e5 7. c3 Nf6 8. Re1 0-0 9. Bg5 Nbd7 10. h3 Re8 11. Qb3 Rf8 12. Nbd2 a5 13. Rac1 Nb6 14. Bd3 Be6 15. Qc2 Bc8 16. Nf1 Nbd7 17. Ng3 Re8 18. Nf5 Bf8 19. N3h4 Rb8 20. Qe2 g6 21. Nh6+ Kg7 22. Qf3 Be7 23. Qg3 Nh5 24. Qe3 Nhf6 25. f4 Nf8 26. f5 Bd7 27. Rf1 Qd8 28. Rf2 Ng8 29. Bxe7 Qxe7 30. f6+ Nxf6 31. Rcf1 Nh5 32. Rxf7+ 1-0

[Event "AUT-ch Vor2 Internet"]
[Site "Playchess.com INT"]
[Date "2020.04.13"]
[Round "7"]
[White "Rotter, Harald"]
[Black "Wurzer, Gerhard"]
[Result "0-1"]
[WhiteElo "1854"]
[BlackElo "1889"]
[PlyCount "64"]
[EventDate "2020.04.13"]
[EventType "swiss (blitz)"]
[EventRounds "9"]
[EventCountry "AUT"]
[SourceTitle "CBM 195 Extra"]
[Source "ChessBase"]
[SourceDate "2020.05.31"]
[SourceVersion "1"]
[SourceVersionDate "2020.05.31"]
[SourceQuality "1"]

1. e4 c6 2. c4 Qc7 3. d4 d6 4. Nc3 e5 5. d5 Nf6 6. f3 Be7 7. Nge2 Nbd7 8. b4 a5 9. Ba3 axb4 10. Bxb4 c5 11. Nb5 Qb8 12. Bc3 b6 13. Nc1 Ba6 14. a4 Bxb5 15. cxb5 0-0 16. Bd3 Qc7 17. 0-0 Ne8 18. Qe2 g6 19. Nb3 Ng7 20. a5 f5 21. axb6 Qxb6 22. Na5 c4+ 23. Kh1 cxd3 24. Qxd3 Nc5 25. Qe2 fxe4 26. Nc6 Bg5 27. fxe4 Rxa1 28. Rxa1 Nh5 29. Qg4 Bf6 30. Qe6+ Kg7 31. Qxd6 Nxe4 32. Bxe5 Nf2+ 0-1

[Event "Neumarkt am Wallersee op 11th"]
[Site "Neumarkt am Wallersee"]
[Date "2012.09.01"]
[Round "8"]
[White "Koller, Hans Juergen"]
[Black "Wurzer, Gerhard"]
[Result "1-0"]
[WhiteElo "2078"]
[BlackElo "1930"]
[PlyCount "103"]
[EventDate "2012.08.26"]
[EventType "swiss"]
[EventRounds "9"]
[EventCountry "AUT"]
[SourceTitle "EXT 2013"]
[Source "ChessBase"]
[SourceDate "2012.11.22"]
[SourceVersion "1"]
[SourceVersionDate "2012.11.22"]
[SourceQuality "1"]

1. d4 d6 2. Nf3 c6 3. c4 Qc7 4. Nc3 e5 5. e4 Nf6 6. Be2 Be7 7. 0-0 Nbd7 8. h3 0-0 9. Be3 Re8 10. d5 Nf8 11. Qc2 c5 12. Ne1 Ng6 13. Nd3 a6 14. f3 Bd7 15. b4 b6 16. a4 a5 17. bxc5 bxc5 18. Ra2 Reb8 19. Nb5 Qc8 20. Rb1 Ne8 21. Kh2 Nc7 22. f4 f6 23. fxe5 fxe5 24. Rf1 Na6 25. Bh5 Be8 26. Bg4 Bd7 27. Bxd7 Qxd7 28. Qd1 Nb4 29. Raf2 Rf8 30. Ne1 Rxf2 31. Rxf2 Rf8 32. Rxf8+ Nxf8 33. Nf3 Ng6 34. Ng5 Bxg5 35. Bxg5 h6 36. Bd2 Ne7 37. Qf3 Nc8 38. Bxb4 axb4 39. Qb3 Qf7 40. Qb1 Qf4+ 41. Kh1 Qf7 42. a5 Qb7 43. Qa2 Qf7 44. Kg1 Qf4 45. Qb1 Qf7 46. a6 Nb6 47. a7 Na8 48. Qf1 Qxf1+ 49. Kxf1 b3 50. Ke2 Kh7 51. Kd2 Kg6 52. Nxd6 1-0

[Event "Neumarkt am Wallersee op 11th"]
[Site "Neumarkt am Wallersee"]
[Date "2012.08.28"]
[Round "4"]
[White "Wurzer, Gerhard"]
[Black "Frank, Emanuel"]
[Result "1/2-1/2"]
[WhiteElo "1930"]
[BlackElo "2053"]
[PlyCount "80"]
[EventDate "2012.08.26"]
[EventType "swiss"]
[EventRounds "9"]
[EventCountry "AUT"]
[SourceTitle "EXT 2013"]
[Source "ChessBase"]
[SourceDate "2012.11.22"]
[SourceVersion "1"]
[SourceVersionDate "2012.11.22"]
[SourceQuality "1"]

1. c4 e5 2. g3 Nf6 3. Bg2 d5 4. cxd5 Nxd5 5. Nc3 Nb6 6. Nf3 Nc6 7. 0-0 Be7 8. d3 0-0 9. Be3 Be6 10. Qd2 f6 11. Rfc1 Nd4 12. Bxd4 exd4 13. Nb5 c5 14. Qf4 Nd5 15. Qe4 Qd7 16. Nd2 a6 17. Na3 b5 18. Nc2 f5 19. Qf3 Rad8 20. e3 dxe3 21. fxe3 Nc7 22. d4 Bf6 23. Qf2 Ne8 24. Nf3 Nd6 25. Rd1 Ne4 26. Qe1 Qf7 27. b3 g5 28. Ne5 Qc7 29. Bxe4 fxe4 30. Rac1 Bxe5 31. dxe5 Qxe5 32. Qa5 Rxd1+ 33. Rxd1 Qf6 34. Qe1 Bh3 35. Qe2 h6 36. b4 Qb2 37. bxc5 Qxa2 38. Qh5 Qe6 39. Nd4 Bg4 40. Nxe6 Bxh5 1/2-1/2

[Event "Wattens op 15th"]
[Site "Wattens"]
[Date "2000.09.03"]
[Round "9"]
[White "Schuart, Andreas"]
[Black "Wurzer, Gerhard"]
[Result "1-0"]
[WhiteElo "1763"]
[BlackElo "1844"]
[PlyCount "93"]
[EventDate "2000.08.26"]
[EventType "swiss"]
[EventRounds "9"]
[EventCountry "AUT"]
[SourceTitle "EXT 2001"]
[Source "ChessBase"]
[SourceDate "2000.11.22"]
[SourceVersion "1"]
[SourceVersionDate "2000.11.22"]
[SourceQuality "1"]

1. b3 Nf6 2. Bb2 g6 3. g3 Bg7 4. Bg2 d6 5. d4 0-0 6. c4 c6 7. Nc3 Qc7 8. e3 Nbd7 9. Rc1 Re8 10. Nf3 Nf8 11. 0-0 Bg4 12. h3 Bd7 13. d5 Ne4 14. Nd4 Nxc3 15. Bxc3 c5 16. Ne2 Qc8 17. Bxg7 Kxg7 18. g4 a5 19. e4 a4 20. Qd2 axb3 21. axb3 Qc7 22. f4 f5 23. gxf5 gxf5 24. Qc3+ Kg8 25. Rf3 Qa5 26. Rg3+ Ng6 27. Qe3 e5 28. fxe5 dxe5 29. exf5 Bxf5 30. Rf1 Rf8 31. Qh6 Bc2 32. Rc1 Bf5 33. h4 Qd8 34. h5 Qh4 35. Qg5 Qxg5 36. Rxg5 Kf7 37. hxg6+ hxg6 38. Rf1 Ra2 39. Ng3 Kf6 40. Ne4+ Ke7 41. Nxc5 Rb2 42. Rg3 Ra8 43. Nxb7 Raa2 44. d6+ Kd7 45. Bd5 e4 46. c5 Rh2 47. c6+ 1-0

[Event "Wattens op 15th"]
[Site "Wattens"]
[Date "2000.09.01"]
[Round "7"]
[White "Schett, Franz"]
[Black "Wurzer, Gerhard"]
[Result "1/2-1/2"]
[WhiteElo "1702"]
[BlackElo "1844"]
[PlyCount "129"]
[EventDate "2000.08.26"]
[EventType "swiss"]
[EventRounds "9"]
[EventCountry "AUT"]
[SourceTitle "EXT 2001"]
[Source "ChessBase"]
[SourceDate "2000.11.22"]
[SourceVersion "1"]
[SourceVersionDate "2000.11.22"]
[SourceQuality "1"]

1. e4 d6 2. Nf3 g6 3. d4 Bg7 4. Nc3 Nf6 5. h3 0-0 6. Bd3 Nbd7 7. Be3 c6 8. Qd2 Qa5 9. 0-0 e5 10. dxe5 dxe5 11. Bh6 Re8 12. Bxg7 Kxg7 13. Rab1 Nf8 14. b4 Qc7 15. a4 h6 16. Nh2 Ne6 17. Ne2 b6 18. Kh1 Bb7 19. Qc3 c5 20. f3 Rac8 21. bxc5 Qxc5 22. Qe1 Bc6 23. Ra1 Red8 24. Qg3 Nd4 25. Nxd4 Rxd4 26. Ng4 Nxg4 27. Qxg4 Bd7 28. Qh4 Rxa4 29. Rae1 Qd6 30. f4 exf4 31. Rxf4 Qe5 32. Ref1 Rf8 33. Qg3 Ra5 34. Qf3 Be6 35. g4 Ra1 36. Rxa1 Qxa1+ 37. Kg2 Qe5 38. Qg3 Kg8 39. Qf2 h5 40. gxh5 Qxh5 41. Qe3 Qg5+ 42. Kh2 Qe5 43. Kg2 Kg7 44. Rh4 Rh8 45. Rxh8 Kxh8 46. Qh6+ Kg8 47. Qh4 Kg7 48. Qf2 Qc5 49. Qf4 a5 50. e5 Qe7 51. h4 Bd5+ 52. Kg3 f6 53. exf6+ Qxf6 54. Qc7+ Kh6 55. Be2 a4 56. c4 Qc3+ 57. Kf2 Qd4+ 58. Kf1 Be6 59. Qb8 a3 60. Qf8+ Qg7 61. Qxa3 Qf7+ 62. Kg2 Bxc4 63. Qc1+ Kh7 64. Qxc4 Qxc4 65. Bxc4 1/2-1/2

[Event "Wattens op 15th"]
[Site "Wattens"]
[Date "2000.08.28"]
[Round "3"]
[White "Wurzer, Reinhard"]
[Black "Wurzer, Gerhard"]
[Result "1-0"]
[WhiteElo "1645"]
[BlackElo "1844"]
[PlyCount "66"]
[EventDate "2000.08.26"]
[EventType "swiss"]
[EventRounds "9"]
[EventCountry "AUT"]
[SourceTitle "EXT 2001"]
[Source "ChessBase"]
[SourceDate "2000.11.22"]
[SourceVersion "1"]
[SourceVersionDate "2000.11.22"]
[SourceQuality "1"]

1. e4 g6 2. d4 d6 3. Nf3 Bg7 4. c4 Nf6 5. Nc3 0-0 6. h3 e5 7. d5 c6 8. Bd3 Qc7 9. 0-0 Nbd7 10. Be3 Ne8 11. g4 Nc5 12. Bxc5 dxc5 13. Qc2 Qe7 14. Kh2 Bh6 15. Ne2 Nd6 16. Rg1 Bg7 17. Ng3 Qd7 18. Qc3 Re8 19. Rae1 h5 20. Nf5 gxf5 21. gxf5 f6 22. Nh4 Nf7 23. Be2 Ng5 24. Bxh5 Rf8 25. Bg6 cxd5 26. cxd5 b6 27. Nf3 Nxe4 28. Rxe4 Qxd5 29. Reg4 Bb7 30. Nh4 Kh8 31. Be8 Bh6 32. Ng6+ Kg7 33. Ne7+ Kh7 1-0

[Event "Wattens op 12th"]
[Site "Wattens"]
[Date "1997.??.??"]
[Round "?"]
[White "Wurzer, Gerhard"]
[Black "Kroencke, Manfred"]
[Result "0-1"]
[WhiteElo "1845"]
[BlackElo "2185"]
[PlyCount "52"]
[EventDate "1997.??.??"]
[EventType "swiss"]
[EventRounds "9"]
[EventCountry "AUT"]
[SourceTitle "EXT 2000"]
[Source "ChessBase"]
[SourceDate "1999.11.16"]
[SourceVersion "1"]
[SourceVersionDate "1999.11.16"]
[SourceQuality "1"]

1. e4 c5 2. d4 cxd4 3. c3 d5 4. exd5 Qxd5 5. cxd4 e6 6. Nf3 Nf6 7. Nc3 Qd8 8. Bb5+ Bd7 9. Qe2 Be7 10. 0-0 0-0 11. Bxd7 Nbxd7 12. Rd1 Nb6 13. Bg5 Nfd5 14. Nxd5 Nxd5 15. Bxe7 Qxe7 16. a3 Rac8 17. Rac1 Rc7 18. Qd2 Rfc8 19. Rxc7 Qxc7 20. g3 h6 21. Qd3 a6 22. Kg2 Qc6 23. Kg1 b5 24. Nd2 Qc2 25. Nb3 Qxb2 26. Nc5 Nc3 0-1